000 00354nam a22001457a 4500
003 OSt
020 _a0201709376
040 _c0
082 _222
_a005.11
100 _aNewkirt, James and Martin, Robert C.
245 _aExtreme programming in practice /
260 _aCanada,
_bAddison Wesley,
_cc2001.
300 _axv, 205 p. ;
_bill. ;
942 _2ddc
_cIT
999 _c4514
_d4514